UM Logo

The Hermitian curvature flow on manifolds with non-negative Griffiths curvature / (Record no. 20512)

MARC details
000 -LEADER
fixed length control field 00865nam a22002177a 4500
003 - CONTROL NUMBER IDENTIFIER
control field OSt
005 - DATE AND TIME OF LATEST TRANSACTION
control field 20250910112618.0
008 - FIXED-LENGTH DATA ELEMENTS--GENERAL INFORMATION
fixed length control field 240815b ||||| |||| 00| 0 eng d
040 ## - CATALOGING SOURCE
Transcribing agency 0
082 ## - DEWEY DECIMAL CLASSIFICATION NUMBER
Classification number DPer 510.5 Am351 October-December 2019 v. 141 n. 5-6
100 ## - MAIN ENTRY--PERSONAL NAME
Personal name Ustinovskiy, Yury.
Relator term author.
9 (RLIN) 57938
245 ## - TITLE STATEMENT
Title The Hermitian curvature flow on manifolds with non-negative Griffiths curvature /
Statement of responsibility, etc. Yury Ustinovskiy.
260 ## - PUBLICATION, DISTRIBUTION, ETC. (IMPRINT)
Place of publication, distribution, etc. Baltimore, Maryland U.S. ;
Name of publisher, distributor, etc. Johns Hopkins University Press ,
Date of publication, distribution, etc. December 2019.
300 ## - PHYSICAL DESCRIPTION
Extent Volume 141, pages 1751-1775 :
Other physical details illustration ;
Dimensions 26 cm.
500 ## - GENERAL NOTE
General note American Journals of Mathematics, vol. 141, no. 6, pages 1751-1775, December 2019.
650 ## - SUBJECT ADDED ENTRY--TOPICAL TERM
Topical term or geographic name as entry element Mathematics.
9 (RLIN) 60518
650 ## - SUBJECT ADDED ENTRY--TOPICAL TERM
Topical term or geographic name as entry element Mathematical analysis.
9 (RLIN) 15001
650 ## - SUBJECT ADDED ENTRY--TOPICAL TERM
Topical term or geographic name as entry element Geometry.
9 (RLIN) 60519
700 ## - ADDED ENTRY--PERSONAL NAME
Personal name Ustinovskiy, Yury.
Relator term author.
9 (RLIN) 57938
942 ## - ADDED ENTRY ELEMENTS (KOHA)
Source of classification or shelving scheme Dewey Decimal Classification
Koha item type Periodicals
Holdings
Withdrawn status Lost status Source of classification or shelving scheme Damaged status Not for loan Collection code Home library Current library Date acquired Total Checkouts Full call number Date last seen Price effective from Koha item type Public note
    Dewey Decimal Classification     Periodicals UM Digos College - LIC UM Digos College - LIC 08/15/2024   DPer 510.5 Am351 October-December 2019 v. 141 n. 5-6 08/15/2024 08/15/2024 Periodicals Periodical Article